| 000 | 01131nam a22001937a 4500 | ||
|---|---|---|---|
| 005 | 20260331125237.0 | ||
| 008 | 220315b2012 ||||| |||| 00| 0 eng | ||
| 020 | _a9780674971387 (pbk) | ||
| 082 | _a808.042071 SWO | ||
| 100 | _aSword, Helen | ||
| 245 |
_aStylish academic writing / _cHelen Sword |
||
| 260 |
_aCambridge : _bHarvard University Press, _c2012. |
||
| 300 |
_aviii, 220 p. ; _c23 cm. |
||
| 365 | _bRs. 295.00 | ||
| 505 | _aPreface I. Style and Substance; 1. Rules of Engagement; 2. On Being Disciplined; 3. A Guide to the Style Guides; II. The Elements of Stylishness; 4. Voice and Echo; 5. Smart Sentencing; 6. Tempting Titles; 7. Hooks and Sinkers; 8. The Story Net; 9. Show and Tell; 10. Jargonitis; 11. Structural Designs; 12. Points of Reference; 13. The Big Picture; 14. The Creative Touch; Afterword: Becoming a Stylish Writer; Appendix; Notes; Bibliography; Acknowledgments; Index | ||
| 650 |
_aAcademic writing _vEnglish language - Style |
||
| 856 | _uhttps://www.google.co.in/books/edition/Stylish_Academic_Writing/nN51E2nxQfgC?hl=en&gbpv=1&printsec=frontcover | ||
| 942 |
_2ddc _cBK |
||
| 999 |
_c210857 _d210857 |
||